| 000 | 01098nam a2200313 a 4500 | ||
|---|---|---|---|
| 001 | 13904 | ||
| 003 | BD-RjUL | ||
| 005 | 20211208235532.0 | ||
| 008 | 140203s1996 nyua be 001 0 eng | ||
| 020 | _a0815333501 (pbk. : alk. paper) | ||
| 035 | _a(BD-RjUL)13956 | ||
| 040 |
_aDLC _cDLC _beng _dBD-RjUL |
||
| 041 | _aeng | ||
| 082 | 0 | 0 |
_a398.097303 _221 _bAME 1996 |
| 245 | 0 | 0 |
_aAmerican folklore : _ban encyclopedia / _cedited by Jan Harold Brunvand. |
| 260 |
_aNew York ; _aLondon : _bGarland Pub., _cc1996. |
||
| 300 |
_axviii, 794 : _bill. ; _a28 cm. |
||
| 490 |
_aGarland reference library of the humanities ; _vvol. 1551 |
||
| 500 | _aOriginally published: 1996. | ||
| 504 | _aIncludes bibliographical references and index. | ||
| 650 | 0 |
_aFolklore _zNorth America _xEncyclopedias. _943454 |
|
| 650 | 0 |
_aNorth America _xSocial life and customs _xEncyclopedias. _943455 |
|
| 830 | 0 |
_vvol. 1551 _943700 |
|
| 700 | 1 |
_aBrunvand, Jan Harold, ed. _943457 |
|
| 830 | 0 |
_aGarland reference library of the humanities ; _943458 |
|
| 942 |
_2ddc _cREF |
||
| 999 |
_c13904 _d13904 |
||